000 00454nam a2200181Ia 4500
003 GCL
008 140319s9999 xx 000 0 eng d
040 _aGCL /
_cGCL
082 0 4 _aCH
_b823.087
_bF A
100 1 _aPETER HODDOCK
245 1 0 _aMY FIRST BOOK OF TOYS /
_cPETER HODDOCK
260 _a[S.N] :
_bPETER HODDOCK PUBLISHING
650 0 4 _aSTUDY AND TEACHING
650 0 4 _aREADING
650 0 4 _aCHILDREN
650 0 4 _aWRITING
942 _2ddc
_cBK
999 _c17992
_d17992